书目信息 |
| 题名: |
机械设计与材料选择及分析
|
|
| 作者: | 于惠力 , 魏波 , 李佳阳 , 韩蓉 编著 | |
| 分册: | ||
| 出版信息: | 北京 机械工业出版社 2019 |
|
| 页数: | 326页 | |
| 开本: | 26cm | |
| 丛书名: | ||
| 单 册: | ||
| 中图分类: | TH14 , TH122 | |
| 科图分类: | ||
| 主题词: | 机械制造材料--Ji Xie Zhi Zao Cai Liao--选择 , 机械设计--Ji Xie She Ji | |
| 电子资源: | ||
| ISBN: | 978-7-111-61507-1 | |
| 000 | 01195nam0 2200313 450 | |
| 001 | 1955540010 | |
| 005 | 20190514090858.5 | |
| 010 | @a978-7-111-61507-1@dCNY 69.00 | |
| 099 | @aCAL 012019062235 | |
| 100 | @a20190514d2019 em y0chiy50 ea | |
| 101 | 0 | @achi |
| 102 | @aCN@b110000 | |
| 105 | @aak a 000yy | |
| 200 | 1 | @a机械设计与材料选择及分析@AJi Xie She Ji Yu Cai Liao Xuan Ze Ji Fen Xi@f于惠力 ... [等] 编著 |
| 210 | @a北京@c机械工业出版社@d2019 | |
| 215 | @a326页@c图@d26cm | |
| 304 | @a题名页题其余责任者:魏波, 李佳阳, 韩蓉 | |
| 320 | @a有书目 (第326页) | |
| 330 | @a本书共分15章,把常用的机械设计计算方法与材料的选择分析结合起来,介绍了机械设计常用材料的性能及应用,并提供了常用机械零件的设计实例及其材料选择的详细分析,目的是为了使机械工程技术人员在进行机械设计的同时,了解材料性能,更合理地选择材料,提高机械设计的质量。 | |
| 606 | 0 | @a机械制造材料@AJi Xie Zhi Zao Cai Liao@x选择 |
| 606 | 0 | @a机械设计@AJi Xie She Ji |
| 690 | @aTH14@v5 | |
| 690 | @aTH122@v5 | |
| 701 | 0 | @a于惠力@AYu Huili@4编著 |
| 701 | 0 | @a魏波@AWei Bo@4编著 |
| 701 | 0 | @a李佳阳@ALi Jiayang@4编著 |
| 701 | 0 | @a韩蓉@AHan Rong@4编著 |
| 801 | 0 | @aCN@bDUTL@c20190514 |
| 905 | @aBZT@dTH14@e6 | |
| 机械设计与材料选择及分析/于惠力 ... [等] 编著.-北京:机械工业出版社,2019 |
| 326页:图;26cm |
| ISBN 978-7-111-61507-1:CNY 69.00 |
| 本书共分15章,把常用的机械设计计算方法与材料的选择分析结合起来,介绍了机械设计常用材料的性能及应用,并提供了常用机械零件的设计实例及其材料选择的详细分析,目的是为了使机械工程技术人员在进行机械设计的同时,了解材料性能,更合理地选择材料,提高机械设计的质量。 |
| ● |
| 相关链接 |
|
|
|
正题名:机械设计与材料选择及分析
索取号:TH14/6
 
预约/预借
| 序号 | 登录号 | 条形码 | 馆藏地/架位号 | 状态 | 备注 |
| 1 | 869119 | 2000869119 | 第二书库/ [索取号:TH14/6] | 在馆 | |
| 2 | 869120 | 2000869120 | 第二书库/ [索取号:TH14/6] | 在馆 | |
| 3 | 869121 | 2000869121 | 第二书库/ [索取号:TH14/6] | 在馆 |